Central Library OPAC University of Rajshahi

Financing the agricultural sector : (Record no. 2471)

MARC details
000 -LEADER
fixed length control field 01021cam a2200289 a 4500
001 - CONTROL NUMBER
control field 2471
003 - CONTROL NUMBER IDENTIFIER
rucl marc code BD-RjUL
005 - DATE AND TIME OF LATEST TRANSACTION
control field 20211208233547.0
008 - FIXED-LENGTH DATA ELEMENTS--GENERAL INFORMATION
fixed length control field 131211s1986 coua b 001 0 eng
020 ## - INTERNATIONAL STANDARD BOOK NUMBER
International Standard Book Number 081330055X (pbk.)
035 ## - SYSTEM CONTROL NUMBER
System control number (BD-RjUL)2498
040 ## - CATALOGING SOURCE
Original cataloging agency DLC
Transcribing agency DLC
Modifying agency DLC
-- BD-RjUL
Language of cataloging eng
041 ## - LANGUAGE CODE
Language code of text/sound track or separate title eng
082 00 - DEWEY DECIMAL CLASSIFICATION NUMBER
Classification number 338.130973
Edition number 19
Author mark and year FIN 1986
245 00 - TITLE STATEMENT
Title Financing the agricultural sector :
Remainder of title future challenges and policy alternatives /
Statement of responsibility, etc. Dean W. Hughes ... [et al.].
260 ## - PUBLICATION, DISTRIBUTION, ETC. (IMPRINT)
Place of publication, distribution, etc. Boulder, Colo. :
Name of publisher, distributor, etc. Westview Press,
Date of publication, distribution, etc. c1986.
300 ## - PHYSICAL DESCRIPTION
Pagination xi, 256 p. :
Illustrations ill. ;
Size 23 cm.
504 ## - BIBLIOGRAPHY, ETC. NOTE
Bibliography, etc Includes bibliographies and index.
650 #0 - SUBJECT ADDED ENTRY--TOPICAL TERM
Topical term or geographic name as entry element Agriculture
Geographic subdivision United States
General subdivision Finance.
9 (RLIN) 8008
Topical term or geographic name as entry element Agriculture and state
Geographic subdivision United States.
9 (RLIN) 8009
Topical term or geographic name as entry element Agricultural credit
General subdivision Government policy
Geographic subdivision United States.
9 (RLIN) 8010
700 1# - ADDED ENTRY--PERSONAL NAME
Personal name Hughes, Dean W.
942 ## - ADDED ENTRY ELEMENTS (KOHA)
Source of classification or shelving scheme Dewey Decimal Classification
Koha item type Books
Holdings
Lost status Source of classification or shelving scheme Damaged status Not for loan Collection code Permanent Location Current Location Shelving location Date acquired Total Checkouts Full call number Date last seen Copy number Koha item type
  Dewey Decimal Classification   Not For Loan Non-fiction Central Library, University of Rajshahi Central Library, University of Rajshahi Reading Room 12/09/1989   338.130973 FIN 1986 11/12/2013 C-1 Books